000 00662cam a22002291 4500
001 ne 63000624
003 DLC
005 20260227111743.0
008 900507q19601963ua a 000 1 ararc
010 _ane 63000624
025 _aPL480:UAR-1681
035 _a(OCoLC)21488569
040 _aPrinceton Univ. Libr.
_cWaU
_dDLC
042 _apremarc
050 0 0 _aPJ7862.A5576
_bR3
100 1 _aṢāliḥ, Rushdī.
245 1 0 _aRajul fī al-Qāhirah,
_cbi-qalam Rushdī Sāliḥ.
260 _a[al-Qāhirah,
_c196-]
300 _a125 p.
_billus.
_c24 cm.
490 0 _aKitāb al-Māsī, qiṣaṣ ʻArabīyah
600 0 0 _aIbn Khaldūn,
_d1332-1406
_vFiction.
999 _c45716
_d45716